000 00469nam a2200181Ia 4500
003 STCL
008 181203s9999 xx 000 0 und d
020 _a9780070605022
040 _aSTCL
_bEN
_cSTCL
082 _222
100 _aLipschutz, Seymour
245 0 _aLinear algebra
246 _aSchaums Outline of Theory and Problems of Linear algebra
260 _bMcGraw Hill Education
_aNew Delhi
_c2016
300 _a424
546 _aEnglish
942 _2ddc
_cBK
999 _c87254
_d87254